00700nam a2200241 a 4500001001300000003000900013005001700022008004100039020002600080082001600106100002100122245003700143260003300180300000900213500003500222505001000257650002300267700002100290902000800311942000700319952011700326999001500443nice12345678IN_TiNIC20260116012253.0050524s1992 u sa grp 000 0 eng  a0800659 c703.6400a220.12bSAN aSanders, James A aFrom Sacred Story to Sacred Text aU S abFortress Press c1992 a200p aincludes index and biblioraphy2 aIndex aBible-Bibliography1 aSanders, James A bSRS cBK 001040708StackRoom-aHMIbHMId2007-06-15g703.64l0o220.12 SANp014947r2007-06-15v703.64w2005-05-24yBK c6331d6331